Southville International School and Colleges
Your cart is empty.
  • Cart
  • Lists
    Public lists Eva Luna New books Lux_list list_1
    Your lists Log in to create your own lists
  • Log in to your account
  • Your cookies
  • Search history
Southville International School and Colleges
  • Advanced search
  • Recent comments
  • Most popular
  • Libraries

Log in to your account

Log in with GOOGLE


If you do not have an external account, but do have a local account, you can still log in:

  1. Home
  2. MARC view: Software for use :
Normal view MARC view ISBD view

Software for use : (Record no. 14256)

[ view plain ]
MARC details
000 -LEADER
fixed length control field 00791nam a2200205 a 4500
003 - CONTROL NUMBER IDENTIFIER
control field PILC
005 - DATE AND TIME OF LATEST TRANSACTION
control field 20150112093428.0
008 - FIXED-LENGTH DATA ELEMENTS--GENERAL INFORMATION
fixed length control field 100713s19uu xx 00 eng d
020 ## - INTERNATIONAL STANDARD BOOK NUMBER
International Standard Book Number 9780201924787
050 ## - LIBRARY OF CONGRESS CALL NUMBER
Classification number QA 76.76.A65
Item number .C665 1999
082 ## - DEWEY DECIMAL CLASSIFICATION NUMBER
Classification number CSF 005.1
Item number C76 1999
100 ## - MAIN ENTRY--PERSONAL NAME
Personal name Constantine, Larry L.
9 (RLIN) 5693
245 ## - TITLE STATEMENT
Title Software for use :
Remainder of title a practical guide to the models and methods of usage-centered design /
Statement of responsibility, etc Larry L. Constantine, Lucy A.D. Lockwood.
260 ## - PUBLICATION, DISTRIBUTION, ETC. (IMPRINT)
Place of publication, distribution, etc New York :
Name of publisher, distributor, etc Association for Computing Machionery, Inc,
Date of publication, distribution, etc 1999.
300 ## - PHYSICAL DESCRIPTION
Extent 579 pages :
Other physical details illustration ;
Dimensions 24 cm.
500 ## - GENERAL NOTE
General note Includes bibliographical references and index.
650 ## - SUBJECT ADDED ENTRY--TOPICAL TERM
Topical term or geographic name as entry element Application software-Development
General subdivision System application
9 (RLIN) 5694
700 ## - ADDED ENTRY--PERSONAL NAME
Personal name Lockwood, Lucy A.D.
9 (RLIN) 5695
942 ## - ADDED ENTRY ELEMENTS (KOHA)
Source of classification or shelving scheme Library of Congress Classification
Koha item type Books
Holdings
Withdrawn status Lost status Source of classification or shelving scheme Damaged status Home library Current library Shelving location Date acquired Total Checkouts Full call number Barcode Date last seen Copy number Price effective from Koha item type
    Library of Congress Classification   Southville International School Affiliated with Foreign Universities Library Southville International School Affiliated with Foreign Universities Library Southville Foreign University Section 07/29/2013   QA 76.76.A65 .C665 1999 SFU0079 05/15/2018 1 07/29/2013 Books

Software for use :

APA

Constantine L. L., Lockwood L. A., . (1999). Software for use. New York: Association for Computing Machionery, Inc.

Chicago

Constantine Larry L, Lockwood Lucy A.D, . 1999. Software for use. New York: Association for Computing Machionery, Inc.

Harvard

Constantine L. L., Lockwood L. A., . (1999). Software for use. New York: Association for Computing Machionery, Inc.

MLA

Constantine Larry L, Lockwood Lucy A.D, . Software for use. New York: Association for Computing Machionery, Inc. 1999.

  • Place hold
  • Print
  • Cite
  • Add to your cart (remove)
  • Save record
    BIBTEX Dublin Core MARCXML MARC (non-Unicode/MARC-8) MARC (Unicode/UTF-8) MARC (Unicode/UTF-8, Standard) MODS (XML) RIS
  • More searches
    Search for this title in:
    Other Libraries (WorldCat) Other Databases (Google Scholar) Online Stores (Bookfinder.com) Open Library (openlibrary.org)

Exporting to Dublin Core...

SOUTHVILLE LIBRARY

Southville International School and Colleges Library

1281 Tropical Ave. Cor. Luxembourg St., BF Homes International, Las Pinas City

Tel. No. 8256374 / 252358 Loc. 117/146

Powered by Koha